Problem solving in math / (Record no. 102154)
[ view plain ]
| 000 -LEADER | |
|---|---|
| fixed length control field | 00429nam a2200157 a 4500 |
| 005 - DATE AND TIME OF LATEST TRANSACTION | |
| control field | 20140412111230.0 |
| 008 - FIXED-LENGTH DATA ELEMENTS--GENERAL INFORMATION | |
| fixed length control field | 110408s19uu xx 00 eng d |
| 020 ## - INTERNATIONAL STANDARD BOOK NUMBER | |
| International Standard Book Number | 0-590-34225-4 |
| 050 ## - LIBRARY OF CONGRESS CALL NUMBER | |
| Classification number | TR(GS 510.76 |
| Item number | M66 |
| 100 ## - MAIN ENTRY--PERSONAL NAME | |
| Personal name | Sheffield, Jensen |
| 245 ## - TITLE STATEMENT | |
| Title | Problem solving in math / |
| Statement of responsibility, etc | Linda J. Sheffield. |
| 260 ## - PUBLICATION, DISTRIBUTION, ETC. (IMPRINT) | |
| Place of publication, distribution, etc | USA : |
| Name of publisher, distributor, etc | Scholastic, |
| Date of publication, distribution, etc | 1982. |
| 300 ## - PHYSICAL DESCRIPTION | |
| Extent | 64p. |
| 440 ## - SERIES STATEMENT/ADDED ENTRY--TITLE | |
| Title | a scholastic skills book c |
| Withdrawn status | Lost status | Damaged status | Home library | Current library | Shelving location | Date acquired | Source of acquisition | Total Checkouts | Full call number | Barcode | Date last seen | Price effective from | Koha item type |
|---|---|---|---|---|---|---|---|---|---|---|---|---|---|
| Elizalde Library | Elizalde Library | Teachers Reference Section | 04/08/2011 | TR(GS 510.76 M66 | E0649 | 04/12/2014 | 04/12/2014 | Books |